<?xml version="1.0" encoding="UTF-8"?><?xml-stylesheet type="text/xsl" href="static/style.xsl"?><OAI-PMH xmlns="http://www.openarchives.org/OAI/2.0/" xmlns:xsi="http://www.w3.org/2001/XMLSchema-instance" xsi:schemaLocation="http://www.openarchives.org/OAI/2.0/ http://www.openarchives.org/OAI/2.0/OAI-PMH.xsd"><responseDate>2026-04-17T15:49:02Z</responseDate><request verb="GetRecord" identifier="oai:www.recercat.cat:11351/10276" metadataPrefix="marc">https://recercat.cat/oai/request</request><GetRecord><record><header><identifier>oai:recercat.cat:11351/10276</identifier><datestamp>2025-10-24T10:33:29Z</datestamp><setSpec>com_2072_378070</setSpec><setSpec>com_2072_378040</setSpec><setSpec>col_2072_378092</setSpec></header><metadata><record xmlns="http://www.loc.gov/MARC21/slim" xmlns:dcterms="http://purl.org/dc/terms/" xmlns:xsi="http://www.w3.org/2001/XMLSchema-instance" xmlns:doc="http://www.lyncode.com/xoai" xsi:schemaLocation="http://www.loc.gov/MARC21/slim http://www.loc.gov/standards/marcxml/schema/MARC21slim.xsd">
   <leader>00925njm 22002777a 4500</leader>
   <datafield ind2=" " ind1=" " tag="042">
      <subfield code="a">dc</subfield>
   </datafield>
   <datafield ind2=" " ind1=" " tag="720">
      <subfield code="a">Tank, Amarjeet</subfield>
      <subfield code="e">author</subfield>
   </datafield>
   <datafield ind2=" " ind1=" " tag="720">
      <subfield code="a">Johnston, S Claiborne</subfield>
      <subfield code="e">author</subfield>
   </datafield>
   <datafield ind2=" " ind1=" " tag="720">
      <subfield code="a">Jain, Ritika</subfield>
      <subfield code="e">author</subfield>
   </datafield>
   <datafield ind2=" " ind1=" " tag="720">
      <subfield code="a">Amarenco, Pierre</subfield>
      <subfield code="e">author</subfield>
   </datafield>
   <datafield ind2=" " ind1=" " tag="720">
      <subfield code="a">Mellström, Carl</subfield>
      <subfield code="e">author</subfield>
   </datafield>
   <datafield ind2=" " ind1=" " tag="720">
      <subfield code="a">Rikner, Klas</subfield>
      <subfield code="e">author</subfield>
   </datafield>
   <datafield ind2=" " ind1=" " tag="720">
      <subfield code="a">Molina Cateriano, Carlos</subfield>
      <subfield code="e">author</subfield>
   </datafield>
   <datafield ind2=" " ind1=" " tag="260">
      <subfield code="c">2023-09-13T12:40:02Z</subfield>
   </datafield>
   <datafield ind2=" " ind1=" " tag="260">
      <subfield code="c">2023-09-13T12:40:02Z</subfield>
   </datafield>
   <datafield ind2=" " ind1=" " tag="260">
      <subfield code="c">2023-08-24</subfield>
   </datafield>
   <datafield ind2=" " ind1=" " tag="520">
      <subfield code="a">Health economics; Stroke</subfield>
   </datafield>
   <datafield ind2=" " ind1=" " tag="520">
      <subfield code="a">Economía de la salud; Ictus</subfield>
   </datafield>
   <datafield ind2=" " ind1=" " tag="520">
      <subfield code="a">Economia de la salut; Ictus</subfield>
   </datafield>
   <datafield ind2=" " ind1=" " tag="520">
      <subfield code="a">Objective THALES demonstrated that ticagrelor plus aspirin reduced the risk of stroke or death but increased bleeding versus aspirin during the 30 days following a mild-to-moderate acute non-cardioembolic ischaemic stroke (AIS) or high-risk transient ischaemic attack (TIA). There are no cost-effectiveness analyses supporting this combination in Europe. To address this, a cost-effectiveness analysis was performed.&#xd;
Methods Cost-effectiveness was evaluated using a decision tree and Markov model with a short-term and long-term (30-year) horizon. Stroke, mortality, bleeding and EuroQol-5 Dimension (EQ-5D) data from THALES were used to estimate short-term outcomes. Model transitions were based on stroke severity (disabling stroke was defined as modified Rankin Scale >2). Healthcare resource utilisation and EQ-5D data beyond 30 days were based on SOCRATES, another trial in AIS/TIA that compared ticagrelor with aspirin. Long-term costs, survival and disutilities were based on published literature. Unit costs were derived from national databases and discounted at 3% annually from a Swedish healthcare perspective.&#xd;
Results One-month treatment with ticagrelor plus aspirin resulted in 12 fewer strokes, 4 additional major bleeds and cost savings of €95 000 per 1000 patients versus aspirin from a Swedish healthcare perspective. This translated into increased quality-adjusted life-years (0.04) and reduced societal costs (−€1358) per patient over a lifetime horizon. Key drivers of cost-effectiveness were number of patients experiencing subsequent disabling stroke and degree of disability. Findings were robust over a range of input assumptions.&#xd;
Conclusion One month of treatment with ticagrelor plus aspirin is likely to improve outcomes and reduce costs versus aspirin in mild-to-moderate AIS or high-risk TIA.</subfield>
   </datafield>
   <datafield ind2=" " ind1=" " tag="520">
      <subfield code="a">AstraZeneca funded the THALES trial and the cost-effectiveness analysis of this study.</subfield>
   </datafield>
   <datafield ind1="8" ind2=" " tag="024">
      <subfield code="a">http://hdl.handle.net/11351/10276</subfield>
   </datafield>
   <datafield tag="653" ind2=" " ind1=" ">
      <subfield code="a">Malalties cerebrovasculars - Tractament</subfield>
   </datafield>
   <datafield tag="653" ind2=" " ind1=" ">
      <subfield code="a">Cost-eficàcia</subfield>
   </datafield>
   <datafield tag="653" ind2=" " ind1=" ">
      <subfield code="a">PUBLIC HEALTH::Epidemiology and Biostatistics::Epidemiology::Uses of Epidemiology::Cost-Effectiveness Evaluation</subfield>
   </datafield>
   <datafield tag="653" ind2=" " ind1=" ">
      <subfield code="a">DISEASES::Nervous System Diseases::Central Nervous System Diseases::Brain Diseases::Cerebrovascular Disorders::Stroke</subfield>
   </datafield>
   <datafield tag="653" ind2=" " ind1=" ">
      <subfield code="a">Other subheadings::Other subheadings::Other subheadings::/drug therapy</subfield>
   </datafield>
   <datafield tag="653" ind2=" " ind1=" ">
      <subfield code="a">SALUD PÚBLICA::epidemiología y bioestadística::epidemiología::usos de la epidemiología::evaluación de coste-efectividad</subfield>
   </datafield>
   <datafield tag="653" ind2=" " ind1=" ">
      <subfield code="a">ENFERMEDADES::enfermedades del sistema nervioso::enfermedades del sistema nervioso central::enfermedades cerebrales::trastornos cerebrovasculares::accidente cerebrovascular</subfield>
   </datafield>
   <datafield tag="653" ind2=" " ind1=" ">
      <subfield code="a">Otros calificadores::Otros calificadores::Otros calificadores::/farmacoterapia</subfield>
   </datafield>
   <datafield ind2="0" ind1="0" tag="245">
      <subfield code="a">Cost-effectiveness of ticagrelor plus aspirin versus aspirin in acute ischaemic stroke or transient ischaemic attack: an economic evaluation of the THALES trial</subfield>
   </datafield>
</record></metadata></record></GetRecord></OAI-PMH>